000
00298nam a2200097Ia 4500
082
_a
306.483094 BRIM
245
0
_a
Eurotrashed : the rise and rise of Europe's football hooligans
100
_a
BRIMSON, Dougie London, 2003
_9
64560
942
_c
BK
008
210817s9999 xx 000 0 und d
999
_c
205721
_d
205720